000 00276nam a22001217a 4500
008 181029b xxu||||| |||| 00| 0 eng d
041 _aeng
080 _a030
100 _a23
101 _aENC
245 _aThe Baseball Encyclopedia
_cMajor League Baseball
942 _2udc
_cBK
999 _c51001
_d51001